Sports Quiz

Random Sports Quiz

Random S#!t About Sports (Minefield) Quiz Stats

 Plays Quiz not verified by Sporcle

Score 0/34 Timer 10:00
0 Plays Today
% Correct
???
95.4%
???
76.8%
???
76.2%
???
63.6%
???
59.6%
???
58.9%
???
57.6%
???
57%
???
55%
???
45%
???
44.4%
???
43.7%
???
41.1%
???
41.1%
???
40.4%
???
40.4%
???
39.1%
% Correct
???
39.1%
???
39.1%
???
38.4%
???
38.4%
???
37.1%
???
37.1%
???
37.1%
???
36.4%
???
36.4%
???
33.8%
???
33.8%
???
32.5%
???
29.8%
???
28.5%
???
28.5%
???
28.5%
???
28.5%

You're not logged in!

Compare scores with friends on all Sporcle quizzes.
Join for Free
OR
Log In

You Might Also Like...

Show Comments

Extras

Created Jun 1, 2017ReportNominate
Tags:Big 4, dumb, easy, lol, Top Sports, weird

Top Quizzes Today


Score Distribution

Your Account Isn't Verified!

In order to create a playlist on Sporcle, you need to verify the email address you used during registration. Go to your Sporcle Settings to finish the process.

Report this User

Report this user for behavior that violates our Community Guidelines.

Details: